W jakim mieście znajduje się ten tor żużlowy - Statystyki

Ogólne statystyki
  • Ten quiz został rozwiązany 30 razy
  • Średni wynik to 9 z 25
Statystyki odpowiedzi
Nazwa stadionu Miasto % Poprawnych
Stadion im. Alfreda Smoczyka Leszno
97%
Stadion im. Edwarda Jancarza Gorzów Wielkopolski
90%
Plochodrážní stadion Markéta Praga
77%
Jaskółcze Gniazdo Tarnów
73%
Swiss Krono Arena Zielona Góra
57%
Mega-Lada Stadium Togliatti
50%
Stadion Matije Gubca Krsko
43%
Plochodrážní stadion Svítkov Pardubice
43%
Ellermühle Speedway Stadium Landshut
37%
Santa Marina Stadium Lonigo
33%
Western Springs Speedway Auckland
30%
Antonio Miranda Circuit Bahia Blanca
30%
Stadion Milenium Donji Kraljevec
30%
Moldow Arena Holsted
27%
Bergring Arena Teterow
27%
Perry Barr Stadium Birmingham
20%
HZ Bygg Arena Hallstavik
17%
Areál Ploché dráhy Divisov
13%
Adrian Flux Arena King's Lynn
13%
Circuit de la Grisière Macon
10%
Rottalstadion Pocking
10%
Paul Greifzu Stadium Stralsund
10%
Trud Stadium Bałakowo
7%
Sandbahn Rennen Herxheim
7%
Motodrom Halbemond Norden
3%
Nie znaleziono quizów pasujących do podanych kryteriów
Rozkład punktacji
Procent ludzi z każdym wynikiem
Percentyl według liczby udzielonych odpowiedzi
Twoja historia wyników
Nie rozwiązałeś tego quizu